000
00200nam a2200097Ia 4500
100
_a
Daniels R
250
_a
2007 11th Ed.
942
_c
BK
245
_a
International Business
082
_a
395.52094DAN
999
_c
424554
_d
424554